000 00455nam a2200157 4500
001 116831
003 ES-MaACL
005 20230906190757.0
007 t|
008 061121s1969 sp r ||||1| spa d
100 1 _aPascual Ferrández, Antonio.
_989381
245 1 0 _aConciencias inconscientes /
_cAntonio Pascual Ferrández.
260 _aBarcelona :
_bEdit. Peñíscola,
_c1969.
300 _a204 p. ;
_c17 cm.
852 _aES-MaACL
_jC-42014
_bR.77667
999 _c116831
_d116831